Report for railway . (Record no. 523557)

MARC details
000 -LEADER
fixed length control field 00658nam a2200229Ia 4500
003 - CONTROL NUMBER IDENTIFIER
control field OSt
005 - DATE AND TIME OF LATEST TRANSACTION
control field 20220925192833.0
008 - FIXED-LENGTH DATA ELEMENTS--GENERAL INFORMATION
fixed length control field 220923b |||||||| |||| 00| 0 eng d
037 ## - SOURCE OF ACQUISITION
Terms of availability General Book
040 ## - CATALOGING SOURCE
Original cataloging agency RTL
Transcribing agency RTL
Language of cataloging eng
041 ## - LANGUAGE CODE
Source of code eng
Language code of text/sound track or separate title eng
111 ## - MAIN ENTRY--MEETING NAME
Meeting name or jurisdiction name as entry element BENGAL (-Govt)
9 (RLIN) 246569
245 #0 - TITLE STATEMENT
Title Report for railway .
260 ## - PUBLICATION, DISTRIBUTION, ETC.
Place of publication, distribution, etc. Calcutta
Name of publisher, distributor, etc. Militery orpan press
Date of publication, distribution, etc. 1851
300 ## - PHYSICAL DESCRIPTION
Extent 38p+xxviii
Dimensions cm.
500 ## - GENERAL NOTE
General note Selections from the records of the Bengal Goverment no. I11.
942 ## - ADDED ENTRY ELEMENTS (KOHA)
Classification part Z2,211,45.M51, A
Koha item type General Books
Source of classification or shelving scheme Colon Classification (CC)

No items available.

Copyright @ Delhi University Library System